| 000 | 00497nam a2200181Ia 4500 | ||
|---|---|---|---|
| 003 | GCL | ||
| 008 | 140319s9999 xx 000 0 ara d | ||
| 040 |
_aGCL / _cGCL |
||
| 082 | 0 | 4 |
_a194 _bا م |
| 100 | 1 | _aعلى ادهم (مترجم) | |
| 245 | 1 | 0 |
_aمحاورات رينان الفلسفية / _cعلى ادهم (مترجم) |
| 700 | 1 | _aارنست رينان | |
| 300 | _a162 ص | ||
| 490 | _a | ||
| 650 | 0 | 4 | _aالفلسفة |
| 650 | 0 | 4 | _aالفلسفة الفرنسية |
| 942 |
_2ddc _cBK |
||
| 999 |
_c40358 _d40358 |
||